000
00244 a2200097 4500
001
26410
100
_a
Aziz Ghulam Rabbani
245
_a
A short history of the khwangzm shah
260
_a
_b
Pakistan historical society
_c
090
_c
17747
_d
17747
942
_a
NUST-CAE
_c
M
_c
8610
999
_c
261483
_d
261483